000 00991nam a2200277 i 4500
001 13302
003 ES-MaACL
005 20230906150537.0
007 t|
008 980127s1997 sp ||||1| spa d
020 _a84-8198-205-9
080 _a342.53(4-672 CE)
080 _a342.53(4)
245 0 4 _aLos parlamentos de Europa y el Parlamento Europeo /
_cJosé María Gil-Robles Gil-Delgado (dir) ; Enrique Arnaldo Alcubilla (coord.) ; Isabel María Abellán Matesanz...[et al.].
250 _a1ª ed.
260 _aMadrid :
_bPartido Popular Europeo,
_c1997.
300 _a324 p. ;
_c25 cm.
650 1 4 _aParlamentos-
_zPaíses de la Unión Europea.
_915843
650 1 4 _aParlamento Europeo.
_915839
700 1 _aGil-Robles Gil-Delgado, José María.
_956870
700 1 _aArnaldo Cubilla, Enrique.
_923040
700 1 _aAbellán Matesanz, Isabel María,
_918067
710 2 _aPartido Popular Europeo.
_96148
852 _aES-MaACL
_jL-20603
_bR.126330
999 _c13302
_d13302